000 00477nam a2200181Ia 4500
001 17949
005 20260306171554.0
008 260306s9999||||xx |||||||||||||| ||und||
041 _aESP
082 _a658.3
_bH94
100 _aHunsaker,Phil
_eAUT
245 0 _aEl nuevo arte de gestionar equipos:
_bUn enfoque actual para guiar y motivar con éxito
260 _c2010
300 _a462 páginas :
_c23 cm.
650 _aGEN
654 _aCAN
942 _cLIB
_dJUS
_fJUS
_2ddc
_n
999 _c17949
_d17949